<?xml version="1.0" encoding="UTF-8"?><?xml-stylesheet type="text/xsl" href="static/style.xsl"?><OAI-PMH xmlns="http://www.openarchives.org/OAI/2.0/" xmlns:xsi="http://www.w3.org/2001/XMLSchema-instance" xsi:schemaLocation="http://www.openarchives.org/OAI/2.0/ http://www.openarchives.org/OAI/2.0/OAI-PMH.xsd"><responseDate>2026-06-06T00:55:42Z</responseDate><request verb="GetRecord" identifier="oai:riuma.uma.es:10630/26224" metadataPrefix="marc">https://riuma.uma.es/rest/oai/request</request><GetRecord><record><header><identifier>oai:riuma.uma.es:10630/26224</identifier><datestamp>2026-02-03T12:02:58Z</datestamp><setSpec>com_10630_2254</setSpec><setSpec>col_10630_37959</setSpec></header><metadata><record xmlns="http://www.loc.gov/MARC21/slim" xmlns:dcterms="http://purl.org/dc/terms/" xmlns:doc="http://www.lyncode.com/xoai" xmlns:xsi="http://www.w3.org/2001/XMLSchema-instance" xsi:schemaLocation="http://www.loc.gov/MARC21/slim http://www.loc.gov/standards/marcxml/schema/MARC21slim.xsd">
   <leader>00925njm 22002777a 4500</leader>
   <datafield ind2=" " ind1=" " tag="042">
      <subfield code="a">dc</subfield>
   </datafield>
   <datafield ind2=" " ind1=" " tag="720">
      <subfield code="a">Moreno, B.</subfield>
      <subfield code="e">author</subfield>
   </datafield>
   <datafield ind2=" " ind1=" " tag="720">
      <subfield code="a">Cruces, A.S.</subfield>
      <subfield code="e">author</subfield>
   </datafield>
   <datafield ind2=" " ind1=" " tag="720">
      <subfield code="a">Camas-Peña, Daniel</subfield>
      <subfield code="e">author</subfield>
   </datafield>
   <datafield ind2=" " ind1=" " tag="720">
      <subfield code="a">López-Crespo, Pablo</subfield>
      <subfield code="e">author</subfield>
   </datafield>
   <datafield ind2=" " ind1=" " tag="260">
      <subfield code="c">2023</subfield>
   </datafield>
   <datafield ind2=" " ind1=" " tag="520">
      <subfield code="a">La caracterización del crecimiento de grietas por fatiga continúa siendo un tema de interés en la evaluación de la integridad estructural de componentes mecánicos. Desde la década de 1960, se han desarrollado numerosos modelos utilizando diferentes leyes para el crecimiento de grietas en función, generalmente, del rango del factor de intensidad de tensiones. En este trabajo se propone la función de distribución de Gumbel para ajustar la forma sigmoidal de las curvas de crecimiento de grietas largas por fatiga de una aleación de titanio Ti-6Al-4V y se describe la metodología para obtener los parámetros de la función. Además, se utiliza el modelo de Walker para tener en cuenta el efecto de la relación de carga y se obtienen los parámetros de la función para cualquier relación de carga. Los resultados presentados son comparados con los obtenidos utilizando el modelo basado en el cierre de grieta implementado en el software NASGRO. Estos resultados muestran que el método propuesto es igual o mejor que el de NASGRO para correlacionar los valores experimentales y predecir los efectos de la relación de carga en la velocidad de crecimiento de grietas.</subfield>
   </datafield>
   <datafield ind1="8" ind2=" " tag="024">
      <subfield code="a">https://hdl.handle.net/10630/26224</subfield>
   </datafield>
   <datafield tag="653" ind2=" " ind1=" ">
      <subfield code="a">Materiales - Fatiga</subfield>
   </datafield>
   <datafield tag="653" ind2=" " ind1=" ">
      <subfield code="a">Ingeniería - Métodos estadísticos</subfield>
   </datafield>
   <datafield ind2="0" ind1="0" tag="245">
      <subfield code="a">Nueva ley de crecimiento de grietas por fatiga basada en la función de distribución de Gumbel: aplicación a la aleación Ti-6Al-4V</subfield>
   </datafield>
</record>
</metadata></record></GetRecord></OAI-PMH>